000 01336nam a22003371i 4500
001 9634160
003 EG-ScBUE
005 20260315093900.0
008 790328s1965 enka frb s001 0 eng c
035 _a(OCoLC)4790918
040 _aEG-ScBUE
_beng
_erda
_cEG-ScBUE
_dEG-ScBUE
082 0 4 _a557.94
_222
_bDEE
100 1 _aDeer, W. A.
_q(William Alexander),
_97214
_eauthor.
245 1 0 _aRock-forming minerals /
_cW. A. Deer, M.Sc., Ph.D., F.R.S., professor of mineralogy and petrology, Cambridge University, R. A. Howie, M.A., Ph.D., F.G.S., reader in geology, London University (King's College), and J. Zussman, M.A., Ph.D., F.Inst.P., reader in minerology, Oxford University.
250 _aFourth impression.
264 1 _aLondon :
_bLongmans,
_c1965.
300 _aix, 435 pages :
_billustrations ;
_c27 cm.
336 _2rdacontent
_atext
_btxt
337 _aunmediated
_2rdamedia
_bn
338 _avolume
_bnc
_2rdacarrier
490 0 _aFramework silicates ;
_vvolume 4
504 _aIncludes bibliographical references and index.
650 7 _aLawsonite.
_97215
650 7 _aRock-forming minerals.
_97216
_2BUEsh
650 7 _aSilicate minerals.
_2BUEsh
650 7 _aRocks.
_2BUEsh
655 _vReading book
700 1 _aHowie, R. A.
_q(Robert Andrew),
_eauthor.
700 1 _aZussman, J.,
_eauthor.
942 _2ddc
_cBB
999 _c12112
_d12112